Shakespeare's England : (Record no. 18398)
[ view plain ]
| 000 -LEADER | |
|---|---|
| fixed length control field | 00630nam a2200205 a 4500 |
| 001 - CONTROL NUMBER | |
| control field | 18398 |
| 003 - CONTROL NUMBER IDENTIFIER | |
| rucl marc code | BD-RjUL |
| 005 - DATE AND TIME OF LATEST TRANSACTION | |
| control field | 20211209000259.0 |
| 008 - FIXED-LENGTH DATA ELEMENTS--GENERAL INFORMATION | |
| fixed length control field | 140220r19501916enk 00001 d |
| 035 ## - SYSTEM CONTROL NUMBER | |
| System control number | (BD-RjUL)18456 |
| 040 ## - CATALOGING SOURCE | |
| Original cataloging agency | DLC |
| Language of cataloging | eng |
| Transcribing agency | DLC |
| Modifying agency | BD-RjUL |
| 041 ## - LANGUAGE CODE | |
| Language code of text/sound track or separate title | eng |
| 082 00 - DEWEY DECIMAL CLASSIFICATION NUMBER | |
| Classification number | 822.33 |
| Author mark and year | SHA 1950 |
| 245 00 - TITLE STATEMENT | |
| Title | Shakespeare's England : |
| Remainder of title | an account of the life & manners of his age / |
| 260 0# - PUBLICATION, DISTRIBUTION, ETC. (IMPRINT) | |
| Place of publication, distribution, etc. | Oxford : |
| Name of publisher, distributor, etc. | Clarendon Press, |
| Date of publication, distribution, etc. | 1916 [Reprinted 1950]. |
| 300 ## - PHYSICAL DESCRIPTION | |
| Pagination | v. : |
| Illustrations | illus. ; |
| Size | 22 cm. |
| 505 01 - FORMATTED CONTENTS NOTE | |
| Formatted contents note | Vol. 1 -- V. 2 -- |
| 600 10 - SUBJECT ADDED ENTRY--PERSONAL NAME | |
| Personal name | Shakespeare, William, |
| Dates associated with a name | 1564-1616 |
| General subdivision | Contemporary England. |
| 942 ## - ADDED ENTRY ELEMENTS (KOHA) | |
| Source of classification or shelving scheme | Dewey Decimal Classification |
| Koha item type | Books |
| Lost status | Source of classification or shelving scheme | Damaged status | Not for loan | Collection code | Permanent Location | Current Location | Shelving location | Date acquired | Source of acquisition | Cost, normal purchase price | Total Checkouts | Full call number | Date last seen | Copy number | Koha item type |
|---|---|---|---|---|---|---|---|---|---|---|---|---|---|---|---|
| Dewey Decimal Classification | Fiction | Central Library, University of Rajshahi | Central Library, University of Rajshahi | 08/08/1955 | O. U. P. | 31.80 | 822.33 SHA V-1 1950 | 20/02/2014 | C-2 | Books | |||||
| Dewey Decimal Classification | Not For Loan | Fiction | Central Library, University of Rajshahi | Central Library, University of Rajshahi | Reading Room | 26/02/1955 | O.U.P. | 822.33 SHA V-2 1950 | 08/10/2020 | C-1 | Books | ||||
| Dewey Decimal Classification | Fiction | Central Library, University of Rajshahi | Central Library, University of Rajshahi | 08/08/1955 | Oxford University Press | 31.80 | 822.33 SHA V-2 1950 | 03/01/2021 | C-2 | Books |